<?xml version="1.0" encoding="UTF-8"?>
<record
    xmlns:xsi="http://www.w3.org/2001/XMLSchema-instance"
    xsi:schemaLocation="http://www.loc.gov/MARC21/slim http://www.loc.gov/standards/marcxml/schema/MARC21slim.xsd"
    xmlns="http://www.loc.gov/MARC21/slim">

  <leader>02629nam a2200241 i 4500</leader>
  <controlfield tag="001">147359</controlfield>
  <controlfield tag="003">ES-MaACL</controlfield>
  <controlfield tag="005">20260130124122.0</controlfield>
  <controlfield tag="007">t|</controlfield>
  <controlfield tag="008">070928m19161918sp           ||||1| spa d</controlfield>
  <datafield tag="100" ind1="1" ind2=" ">
    <subfield code="a">Unamuno, Miguel de,</subfield>
    <subfield code="d">1864-1936</subfield>
    <subfield code="9">111982</subfield>
  </datafield>
  <datafield tag="245" ind1="1" ind2="0">
    <subfield code="a">Ensayos / </subfield>
    <subfield code="c">por Miguel de Unamuno.</subfield>
  </datafield>
  <datafield tag="260" ind1=" " ind2=" ">
    <subfield code="a">Madrid : </subfield>
    <subfield code="b">Publicaciones de la Residencia de Estudiantes, </subfield>
    <subfield code="c">1916-1918 (</subfield>
    <subfield code="f">Imp. de Fortanet)</subfield>
  </datafield>
  <datafield tag="300" ind1=" " ind2=" ">
    <subfield code="a">7 v. ; </subfield>
    <subfield code="c">20 cm.</subfield>
  </datafield>
  <datafield tag="490" ind1="1" ind2=" ">
    <subfield code="a">Publicaciones de la Residencia de Estudiantes. Serie II ; </subfield>
    <subfield code="v">5, 7, 9, 11, 13-15</subfield>
  </datafield>
  <datafield tag="505" ind1="8" ind2=" ">
    <subfield code="a">Contiene: 1. En torno al casticismo (cinco ensayos) - 2. La ense&#xF1;anza del lat&#xED;n en Espa&#xF1;a ; La regeneraci&#xF3;n del teatro espa&#xF1;ol ; El caballero de la triste figura (ensayo iconol&#xF3;gico) ; Acerca de la reforma de la ortograf&#xED;a castellana ; La vida es sue&#xF1;o (reflexiones sobre regeneraci&#xF3;n de Espa&#xF1;a) ; &#xA1;Adentro! ; La ideocracia ; La fe - 3. La dignidad humana ; La crisis del patriotismo ; La juventud "intelectual" espa&#xF1;ola ; Civilizaci&#xF3;n y cultura ; La reforma del castellano (pr&#xF3;logo de un libro en prensa) ; Sobre la lengua  espa&#xF1;ola ; La educaci&#xF3;n ; Maese Pedro (notas sobre Carlyle) ; Ciudad y campo (de mis impresiones de Madrid) ; La cuesti&#xF3;n del vascuence - 4. Contra el purismo ; Viejos y j&#xF3;venes (proleg&#xF3;menos) ; El individualismo espa&#xF1;ol (a prop&#xF3;sito del libro de Martin A.S. Hume The Spanish people...) ; Sobre el funalismo ; Religi&#xF3;n y Patria ; Selecci&#xF3;n de los Ful&#xE1;nez ; La locura del doctor Montarco ; Intelectualidad y espiritualidad - 5. Almas de j&#xF3;venes ; Sobre la filosof&#xED;a espa&#xF1;ola (di&#xE1;logo) ; &#xA1;Plenitud de plenitudes y todo plenitud! ; El perfecto pescador de ca&#xF1;a (despu&#xE9;s de leer a Walton) ; A lo que salga ; Sobre la soberbia ; Los naturales y los espirituales ; Sobre la lectura e interpretaci&#xF3;n del Quijote - 6. &#xA1;Ramploner&#xED;as! ; Soledad ; Sobre la erudici&#xF3;n y la cr&#xED;tica ; Poes&#xED;a y oratoria ; La crisis actual del patriotismo espa&#xF1;ol ; Sobre el rango y el m&#xE9;rito (divagaciones) ; La Patria y el Ej&#xE9;rcito ; &#xBF;Qu&#xE9; es verdad? - 7. M&#xE1;s sobre la crisis del patriotismo ; El secreto de la vida ; Sobre la consecuencia, la sinceridad ; Algunas consideraciones sobre la literatura hispano-americana ; Sobre la europeizaci&#xF3;n (arbitrariedades) - Sobre la tumba de Costa</subfield>
  </datafield>
  <datafield tag="530" ind1=" " ind2=" ">
    <subfield code="a">Disponible en formato digital.</subfield>
  </datafield>
  <datafield tag="830" ind1="1" ind2=" ">
    <subfield code="a">Publicaciones de la Residencia de Estudiantes. Serie II ; </subfield>
    <subfield code="v">5, 7, 9, 11, 13-15</subfield>
    <subfield code="9">220921</subfield>
  </datafield>
  <datafield tag="852" ind1=" " ind2=" ">
    <subfield code="a">ES-MaACL</subfield>
    <subfield code="j">D-1777-83</subfield>
    <subfield code="c">SVI</subfield>
  </datafield>
  <datafield tag="856" ind1="4" ind2=" ">
    <subfield code="u">http://bdh-rd.bne.es/viewer.vm?id=0000206132&amp;page=1 </subfield>
    <subfield code="y">Biblioteca Digital Hisp&#xE1;nica</subfield>
  </datafield>
  <datafield tag="942" ind1=" " ind2=" ">
    <subfield code="2">udc</subfield>
  </datafield>
  <datafield tag="999" ind1=" " ind2=" ">
    <subfield code="c">147359</subfield>
    <subfield code="d">147359</subfield>
  </datafield>
  <datafield tag="952" ind1=" " ind2=" ">
    <subfield code="0">0</subfield>
    <subfield code="1">0</subfield>
    <subfield code="4">0</subfield>
    <subfield code="7">0</subfield>
    <subfield code="8">Colecci&#xF3;n_digital</subfield>
    <subfield code="a">ATENEOM</subfield>
    <subfield code="b">ATENEOM</subfield>
    <subfield code="c">SVI</subfield>
    <subfield code="d">2008-01-17</subfield>
    <subfield code="e">SC</subfield>
    <subfield code="l">0</subfield>
    <subfield code="o">D-1777-83</subfield>
    <subfield code="p">901153779</subfield>
    <subfield code="r">2023-02-23 00:00:00</subfield>
    <subfield code="w">2023-02-23</subfield>
    <subfield code="y">MONOGRAFIA</subfield>
  </datafield>
</record>
